000 00389nam a22001571a 4500
020 _a9788188123162
082 _aH2
_bPRA/M
100 _aPratap Sehgal
245 _aMaut kyom raat bhar nahim aati/
_cby Pratap Sehgal
260 _aDelhi
_bHimachal Pusthak Bhandar
_c2002
300 _a55p.
650 _aDrama Hindi
650 _aLiterature Hindi
650 _aLiterature
942 _cBK
999 _c28280
_d28280